00982nam a2200217 i 450000100060000000300090000600500170001500700030003200800410003510000410007624501970011726000580031430000220037249000400039470000580043471000530049283000480054585200320059399900170062595201220064228465ES-MaACL20230906153847.0t|030117s1968 sp ||||1| spa d1 aBaena del Alcázar, Mariano.92458914aLos estudios sobre Administración en la España del siglo XVIII /cMariano Baena del Alcázar ; con el discurso sobre el Gobierno Municipal de José Agustín Ibáñez de la Rentería. aMadrid : bInstituto de Estudios Políticos, c1968. a167 p. ; c21 cm.1 aEstudios de administración ; v381 aIbáñez de la Rentería, José Agustín.9649192 aInstituto de Estudios Políticos (Madrid)949240 aEstudios de administración ; v389183321 aES-MaACLjC-35239 bR.68327 c28465d28465 00104070aATENEOMbATENEOMcDEPO2d2008-01-17eSCl0oC-35239p1029386r2023-02-23 00:00:00w2023-02-23yMONOGRAFIA